U.S. States In Order Of Statehood - Statistics

General Stats
  • This quiz has been taken 78 times
  • The average score is 36 of 50
Answer Stats
Hint Answer % Correct
December 7, 1787* Delaware
98%
January 3, 1959 Alaska
90%
August 21, 1959 Hawaii
90%
December 12, 1787* Pennsylvania
86%
February 14, 1912 Arizona
80%
December 18, 1787* New Jersey
80%
January 6, 1912 New Mexico
80%
March 4, 1791 Vermont
80%
January 9, 1788* Connecticut
78%
April 28, 1788* Maryland
78%
February 6, 1788* Massachusetts
78%
January 2, 1788* Georgia
76%
December 3, 1818 Illinois
76%
July 26, 1788* New York
76%
March 1, 1803 Ohio
76%
June 1, 1792 Kentucky
73%
June 21, 1788* New Hampshire
73%
November 21, 1789* North Carolina
73%
November 16, 1907 Oklahoma
73%
May 29, 1790* Rhode Island
73%
June 1, 1796 Tennessee
73%
December 14, 1819 Alabama
71%
September 9, 1850 California
71%
December 11, 1816 Indiana
71%
May 23, 1788* South Carolina
71%
June 25, 1788* Virginia
71%
December 10, 1817 Mississippi
69%
August 10, 1821 Missouri
69%
December 29, 1845 Texas
69%
January 29, 1861 Kansas
67%
April 30, 1812 Louisiana
67%
March 15, 1820 Maine
67%
June 20, 1863 West Virginia
67%
June 15, 1836 Arkansas
65%
August 1, 1876 Colorado
65%
March 3, 1845 Florida
65%
November 8, 1889 Montana
65%
October 31, 1864 Nevada
65%
February 14, 1859 Oregon
65%
January 4, 1896 Utah
65%
November 11, 1889 Washington
65%
July 10, 1890 Wyoming
65%
July 3, 1890 Idaho
63%
December 28, 1846 Iowa
63%
May 11, 1858 Minnesota
63%
March 1, 1867 Nebraska
63%
November 2, 1889 North Dakota
63%
November 2, 1889 South Dakota
63%
May 29, 1848 Wisconsin
63%
January 26, 1837 Michigan
61%
No matching quizzes found
Score Distribution
Percent of People with Each Score
Percentile by Number Answered
Your Score History
You have not taken this quiz